| 000 | 02105nam a2200505 c 4500 | ||
|---|---|---|---|
| 003 | BLK | ||
| 005 | 20180420232849.0 | ||
| 008 | 180409b bul|||||r ||||||| ||bul|| | ||
| 010 | _aKNG00142854000 | ||
| 040 | _aBLK | ||
| 041 |
_aRUS _cRUS |
||
| 080 |
_aПриложно изкуство. Художествени занаяти. Интериор. Дизайн. Играчки. Худож. пространствено оформление _b745/749 _x(031) _z745/749(031) |
||
| 100 | 1 |
_aГейдова, Дагмар _eпърви автор _951683 |
|
| 139 |
_aБольшая иллюстрированная энциклопедия древностей _bБ 61 |
||
| 245 | 1 | 0 |
_aБольшая иллюстрированная энциклопедия древностей _cДагмар Гейдова. |
| 250 | _a3. изд. | ||
| 257 | _aCSK | ||
| 260 |
_аПрага _bАртия _c1983 |
||
| 300 |
_a496 с. _bс ил., 32 л. : ил. _c23 см |
||
| 380 | _a7 | ||
| 500 | _aБиблиогр. с. 463-468. - Показалец на термините ; Показалец на музейните сбирки ; Показалец на фотогр ; Предметен показалец ; Географски показалец. | ||
| 650 | 4 |
_aИзкуство - енциклопедии _9244738 |
|
| 653 | _aприложни изкуства | ||
| 653 | _aхудожествени занаяти | ||
| 653 | _aмебели | ||
| 653 | _aгоблени | ||
| 653 | _aкилими | ||
| 653 | _aстъкло | ||
| 653 | _aкерамика | ||
| 653 | _aпорцелан | ||
| 653 | _aогледала | ||
| 653 | _aзлатарство | ||
| 653 | _aдоспехи | ||
| 653 | _aоръжия | ||
| 653 | _aосветление | ||
| 653 | _aолово | ||
| 653 | _aжелязо | ||
| 653 | _aмед | ||
| 653 | _aантиквариат | ||
| 852 | _aЦб 146566 | ||
| 856 | 4 |
_qpdf _u |
|
| 856 | 4 |
_qpdf _u |
|
| 942 |
_cKNG _n0 |
||
| 944 |
_aCR _c18.05.2013 _l18.05.2013 - от С1,Р / 18.05.2013 _kКамелия_Данева |
||
| 944 |
_aED _c18.05.2013 _l18.05.2013 - от С1,Р / 18.05.2013 _k |
||
| 999 |
_c136896 _d136896 |
||